Potraviny dostanú vysvedčenie

Spotrebitelia by sa pri výbere potravín nemali riadiť iba cenou, ale aj nutričnou hodnotou, ktorú im prinášajú. Napriek tomu, že na zadnej strane produktov sa nachádza tabuľka s výživovými údajmi, Európska únia chce ísť ešte ďalej. Pracuje na systéme označovania potravín, ktoré by konzumentom už na...

Celý popis

Uložené v:
Podrobná bibliografia
Hlavný autor: Kapitánová, Tatiana
Médium: Kapitola
Jazyk:Slovak
Predmet:
Tagy: Pridať tag
Žiadne tagy, Buďte prvý, kto otaguje tento záznam!

MARC

LEADER 00000naa a2200000 4500
001 0292039
005 20240417075233.4
041 0 |a slo 
044 |a CZ 
245 1 0 |a Potraviny dostanú vysvedčenie  |c Tatiana Kapitánová 
520 |a Spotrebitelia by sa pri výbere potravín nemali riadiť iba cenou, ale aj nutričnou hodnotou, ktorú im prinášajú. Napriek tomu, že na zadnej strane produktov sa nachádza tabuľka s výživovými údajmi, Európska únia chce ísť ešte ďalej. Pracuje na systéme označovania potravín, ktoré by konzumentom už na prednej strane výrobku jednoduchým spôsobom dalo vedieť, ktoré potraviny majú pre ich telo väčší prínos. Vo svete existuje viacero druhov označovania potravín, no ako hlavný favorit sa spomína systém Nutri-Score. Má však aj mnoho kritikov. 
610 2 0 |a potraviny 
610 2 0 |a výživa 
610 2 0 |a označovanie tovarov 
610 2 0 |a štýl životný 
610 2 0 |a starostlivosť o zdravie 
610 2 0 |a rozhodovanie nákupné 
100 1 |a Kapitánová, Tatiana